Real Valladolid CF Squad 2013-2014 - Statistics

General Stats
  • This quiz has been taken 7 times
  • The average score is 18 of 25
Answer Stats
# Position Nation Player % Correct
2 DF Serbia Antonio Rukavina
100%
11 FW Sweden Daniel Larsson
100%
- Coach Spain Juan Ignacio Martínez
100%
23 FW Angola Manucho
100%
10 MF Spain Óscar González
100%
20 FW Germany Patrick Ebert
100%
19 FW Albania Valdet Rama
100%
18 MF Spain Álvaro Rubio
75%
17 DF Spain Carlos Peña
75%
5 MF Italy Fausto Rossi
75%
24 DF Colombia Gilberto García
75%
9 FW Spain Javi Guerra
75%
24 FW Venezuela Jeffrén
75%
15 DF Serbia Stefan Mitrović
75%
22 MF Spain Víctor Pérez
75%
13 GK Spain Diego Mariño
50%
3 DF Dominican Republic Heinz Barmettler
50%
7 FW Colombia Humberto Osorio
50%
1 GK Spain Jaime Jiménez
50%
6 DF Spain Jesús Rueda
50%
16 MF Spain Lluis Sastre
50%
4 DF Spain Marc Valiente
50%
14 MF Spain Omar Ramos
50%
21 DF Morocco Zakarya Bergdich
50%
8 MF Spain Javier Baraja
25%
No matching quizzes found
Score Distribution
Percent of People with Each Score
Percentile by Number Answered
Your Score History
You have not taken this quiz